01247 a2200205 4500020001500000020001800015082001300033090001500046100002100061245010900082260004600191300002100237500001500258520045300273856008200726856008700808942002600895999001900921952010100940 a1557388237 a978155738823004a332.6322 c3095d30951 aBoroson, Warren.14aThe ultimate stock picker's guide :b24 top experts recommend 25 stocks to buy & hold /cWarren Boroson. a[S.l.] :bProbus Professional Pub,c1995. a228 p. ;c23 cm. aPaperback. aThe Ultimate Stock Pickers Guide provides the top long-term stock recommendations of 24 of the most respected stock market experts. It is the ultimate book of stock market tips and advice for the average investor. Specific topics include: The single best stock to own; The best ten stocks to own; Recommended stock portfolios for both aggressive and conservative investors; The growth industries of tomorrow; How to identify a good long-term stock.403Amazon.comuhttp://www.amazon.com/exec/obidos/ASIN/1557388237/chopaconline-20403Amazon customer reviewsuhttp://www.chopac.org/cgi-bin/tools/azrev.pl?q=1557388237 aNBScBKk332.6322 BOR c345584d345584 00104070aCLbCLd2013-08-28l2o332.6322 BORpNBS1317r2021-10-18s2021-08-04w2013-08-28yBK